Williams Obstetrics. (Record no. 1365)

MARC details
000 -LEADER
fixed length control field 00914cam a22003014a 4500
001 - CONTROL NUMBER
control field 15817754
003 - CONTROL NUMBER IDENTIFIER
control field OSt
005 - DATE AND TIME OF LATEST TRANSACTION
control field 20250906020003.0
008 - FIXED-LENGTH DATA ELEMENTS--GENERAL INFORMATION
fixed length control field 090714s2010 nyua b 001 0 eng
010 ## - LIBRARY OF CONGRESS CONTROL NUMBER
LC control number 2009029027
016 7# - NATIONAL BIBLIOGRAPHIC AGENCY CONTROL NUMBER
Record control number 101510655
Source DNLM
020 ## - INTERNATIONAL STANDARD BOOK NUMBER
International Standard Book Number 9780071497015
020 ## - INTERNATIONAL STANDARD BOOK NUMBER
International Standard Book Number 0071497013
035 ## - SYSTEM CONTROL NUMBER
System control number (OCoLC)ocn426115410
040 ## - CATALOGING SOURCE
Original cataloging agency DNLM/DLC
Transcribing agency DLC
Modifying agency BTCTA
-- YDXCP
-- NLM
-- C#P
-- VAM
-- CDX
-- JVD
-- DLC
042 ## - AUTHENTICATION CODE
Authentication code pcc
050 00 - LIBRARY OF CONGRESS CALL NUMBER
Classification number RG524
Item number .W7 2010
082 00 - DEWEY DECIMAL CLASSIFICATION NUMBER
Classification number WQ 100 W67f 2010
Edition number 22
100 ## - MAIN ENTRY--PERSONAL NAME
Personal name Cunningham, F. Gary; Williams, J. Whitridge
9 (RLIN) 11181
245 00 - TITLE STATEMENT
Title Williams Obstetrics.
250 ## - EDITION STATEMENT
Edition statement 23rd ed.
260 ## - PUBLICATION, DISTRIBUTION, ETC. (IMPRINT)
Place of publication, distribution, etc. New York :
Name of publisher, distributor, etc. McGraw-Hill Medical,
Date of publication, distribution, etc. c2010.
300 ## - PHYSICAL DESCRIPTION
Extent xv, 1385 p. :
Other physical details ill. (some col.) ;
Dimensions 29 cm.
504 ## - BIBLIOGRAPHY, ETC. NOTE
Bibliography, etc Includes bibliographical references and index.
650 #0 - SUBJECT ADDED ENTRY--TOPICAL TERM
Topical term or geographic name as entry element Obstetrics.
9 (RLIN) 5
906 ## - LOCAL DATA ELEMENT F, LDF (RLIN)
a 7
b cbc
c orignew
d 1
e ecip
f 20
g y-gencatlg
942 ## - ADDED ENTRY ELEMENTS (KOHA)
Source of classification or shelving scheme Other/Generic Classification Scheme
Koha item type Short Loan
Koha issues (borrowed), all copies 1
Holdings
Withdrawn status Lost status Source of classification or shelving scheme Damaged status Not for loan Home library Current library Date acquired Source of acquisition Inventory number Total Checkouts Full call number Barcode Date last seen Koha item type Checked out Date last checked out
    Other/Generic Classification Scheme     MUST Main Library MUST Main Library 09/04/2015   11/33335   WQ 100 W67f 2010 2015-0822 09/04/2015 Short Loan    
    Other/Generic Classification Scheme     MUST Main Library MUST Main Library 11/04/2015   14/37946 2 WQ 100 W67f 2010 2015-0901 05/09/2025 Open Shelf 19/09/2025 05/09/2025